00624nam a22002057a 450000500170000001000150001702000260003203500140005803700090007208200140008110000210009524500740011625000060019026000460019627000660024230000220030870000300033070000300036070000280039020250929163123.0 aENG-146887 a9789358707700c499.00 aEN-130419 bDBAD 21a515.32 aIyengar, T.K.V.  aDifferential Equations and Vector Calculus/cT.K.V. Iyengar...[et.al] a1 aUttar PradeshbS. Chand Publishing c2025 aD-92, Sector-2, Noida bUttar Pradeshe201301k61-120-4682700 a602p. c24cm(pb)  aM.V.S.S.N. PrasadeAuthor aB. Krishna GandhieAuthor aS. Ranganatham eAuthor